La educación para la salud en las escuelas de educación básica / (Registro nro. 143969)
[ vista simple ]
| 000 -LEADER | |
|---|---|
| campo de control de longitud fija | 02673nab a2200397 i 4500 |
| 001 - NÚMERO DE CONTROL | |
| campo de control | 143969 |
| 003 - IDENTIFICADOR DE NÚMERO DE CONTROL | |
| campo de control | FINmELB |
| 005 - FECHA Y HORA DE LA ÚLTIMA TRANSACCIÓN | |
| campo de control | 20241217181818.0 |
| 006 - CÓDIGOS DE INFORMACIÓN DE LONGITUD FIJA--CARACTERÍSTICAS DEL MATERIAL ADICIONAL | |
| campo de control de longitud fija | m o u |
| 007 - CAMPO FIJO DE DESCRIPCIÓN FÍSICA--INFORMACIÓN GENERAL | |
| campo de control de longitud fija | cr cn||||||||| |
| 008 - DATOS DE LONGITUD FIJA--INFORMACIÓN GENERAL | |
| campo de control de longitud fija | 230704c20029999mx fr p o 0 0spa d |
| 022 ## - NÚMERO INTERNACIONAL NORMALIZADO PARA PUBLICACIONES SERIADAS | |
| Número Internacional Normalizado para Publicaciones Seriadas | 1405-7980 |
| 035 ## - NÚMERO DE CONTROL DEL SISTEMA | |
| Número de control de sistema | (OCoLC)1390973402 |
| 040 ## - FUENTE DE CATALOGACIÓN | |
| Centro catalogador/agencia de origen | FINmELB |
| Lengua de catalogación | spa |
| Normas de descripción | rda |
| Centro/agencia transcriptor | FINmELB |
| 050 #4 - SIGNATURA TOPOGRÁFICA DE LA BIBLIOTECA DEL CONGRESO | |
| Número de clasificación | RA440.85 |
| Número de ítem | L343 2002 |
| 080 ## - NÚMERO DE LA CLASIFICACIÓN DECIMAL UNIVERSAL | |
| Número de la Clasificación Decimal Universal | 614:001.891 |
| 082 04 - NÚMERO DE LA CLASIFICACIÓN DECIMAL DEWEY | |
| Número de clasificación | 613 |
| Información de edición | 23 |
| 245 03 - MENCIÓN DEL TÍTULO | |
| Título | La educación para la salud en las escuelas de educación básica / |
| Mención de responsabilidad, etc. | María Guadalupe Aldrete Rodríguez [y otros 5]. |
| 264 #1 - PRODUCCIÓN, PUBLICACIÓN, DISTRIBUCIÓN, FABRICACIÓN Y COPYRIGHT | |
| Producción, publicación, distribución, fabricación y copyright | Guadalajara, México : |
| Nombre del de productor, editor, distribuidor, fabricante | Universidad de Guadalajara, |
| Fecha de producción, publicación, distribución, fabricación o copyright | 2002. |
| 310 ## - PERIODICIDAD ACTUAL | |
| Periodicidad actual | Semestral |
| 336 ## - TIPO DE CONTENIDO | |
| Término de tipo de contenido | texto |
| Código de tipo de contenido | txt |
| Fuente | rdacontent/spa |
| 337 ## - TIPO DE MEDIO | |
| Nombre/término del tipo de medio | computadora |
| Código del tipo de medio | c |
| Fuente | rdamedia/spa |
| 338 ## - TIPO DE SOPORTE | |
| Nombre/término del tipo de soporte | recurso en línea |
| Código del tipo de soporte | cr |
| Fuente | rdacarrier/spa |
| 362 0# - FECHAS DE PUBLICACIÓN Y/O DESIGNACIÓN SECUENCIAL | |
| Fecha de publicación y/o designación secuencial | Comenzó en 1999- |
| 520 ## - RESUMEN, ETC. | |
| Sumario, etc. | El objetivo de esta investigación fue identificar la práctica docente en Educación para la Salud y las necesidades de capacitación. Se realizó un estudio observacional, descriptivo y transversal en 289 maestros que laboran frente a grupo seleccionados al azar, en escuelas de la Zona Metropolitana de Guadalajara. El 60.2% de los maestros entrevistados eran de sexo femenino, del 53.6% su nivel de escolaridad era Normal Básica, el 36.3% nunca ha recibido capacitación en el área de la salud, el tema de mayor dificultad para desarrollar es sexualidad, el material de apoyo y bibliográfico es limitado, el papel del maestro en la mayoría de los casos sigue siendo transmisor de conocimientos y el alumno pasivo receptor. La mayoría de los docentes requieren capacitación relacionada con la salud, para lograr un cambio en su función de facilitador y orientador del proceso que permita al alumno la recuperación de su experiencia para la reflexión y generación de su conocimiento. |
| 588 ## - NOTA DE FUENTE DE LA DESCRIPCIÓN | |
| Nota de fuente de la descripción | Descripción basada en Investigación en Salud, n. 3, vol 4 (diciembre 2002), P. 187-193. |
| 588 ## - NOTA DE FUENTE DE LA DESCRIPCIÓN | |
| Nota de fuente de la descripción | Descripción basada en metadatos suministrados por el editor y otras fuentes. |
| 590 ## - NOTA LOCAL (RLIN) | |
| Nota local | Recurso electrónico. Santa Fe, Arg.: elibro, 2023. Disponible vía World Wide Web. El acceso puede estar limitado para las bibliotecas afiliadas a elibro. |
| 650 #4 - PUNTO DE ACCESO ADICIONAL DE MATERIA--TÉRMINO DE MATERIA | |
| Término de materia o nombre geográfico como elemento de entrada | Docentes |
| Subdivisión general | Enseñanza-aprendizaje. |
| 650 #4 - PUNTO DE ACCESO ADICIONAL DE MATERIA--TÉRMINO DE MATERIA | |
| Término de materia o nombre geográfico como elemento de entrada | Educación para la salud. |
| 655 #4 - TERMINO DE INDIZACIÓN--GENERO/FORMA | |
| Datos o término principal de género/forma | Artículos electrónicos. |
| 700 1# - ENTRADA AGREGADA--NOMBRE PERSONAL | |
| Nombre de persona | Aldrete Rodríguez, María Guadalupe, |
| Término indicativo de función/relación | autor. |
| 773 0# - ASIENTO DE ITEM FUENTE | |
| Título | Investigación en Salud. |
| Número Internacional Normalizado para Publicaciones Seriadas | ISSN1405-7980 |
| Lugar, editor y fecha de publicación | Guadalajara, México : Universidad de Guadalajara. |
| Parte(s) relacionada(s) | n. 3, vol. 4 (diciembre 2002), p. 187-193 |
| 797 2# - PUNTO DE ACCESO ADICIONAL LOCAL--NOMBRE DE ENTIDAD CORPORATIVA (RLIN) | |
| Nombre de entidad corporativa o nombre de jurisdicción como elemento de entrada | elibro, Corp. |
| 856 40 - LOCALIZACIÓN Y ACCESO ELECTRÓNICOS | |
| Identificador Uniforme de Recurso | <a href="https://elibro.net/ereader/politecnicointernacional/19548">https://elibro.net/ereader/politecnicointernacional/19548</a> |
No hay ítems disponibles.